| 000 | 00000nam##2200000za#4500 |
| 001 | 9.632455 |
| 003 | CaOODSP |
| 005 | 20210624214824 |
| 007 | cr ||||||||||| |
| 008 | 150407|2005||||xxc|||||o f|0| 0 fre|d |
| 020 | |a0-662-70989-6 |
| 040 | |aCaOODSP|bfre |
| 043 | |an-cn--- |
| 086 | 1 |aHS24-27/2005F-PDF |
| 110 | 1 |aCanada.|bRessources humaines et Développement des compétences Canada. |bProgramme du travail. |
| 245 | 10|aGuide du programme de prévention des risques |h[ressource électronique] |
| 260 | |aGatineau - Québec : |bRessources humaines et Développement des compétences Canada. |cc2005. |
| 300 | |a21p.|bfigure, tableaux |
| 500 | |aLe n° de catalogue (HS24-27/2005) et l'ISBN (0-662-69555-0) copiés dans la publication électronique sont incorrects. |
| 590 | |a13-22-Supp|b2013-09-26 |
| 775 | 08|tHazard prevention program guide / |w(CaOODSP)9.688014 |
| 856 | 40|ahttp://publications.gc.ca|qPDF|s301 Ko|uhttps://publications.gc.ca/collections/collection_2013/rhdcc-hrsdc/HS24-27-2005-fra.pdf |
| 986 | |aLT-177-01-06 |